[Event "AGAG IIIIIII"]
[Site "SchemingMind.com"]
[Date "2021.04.06"]
[Round "-"]
[White "MichaelChess"]
[Black "eliecercruzr"]
[Result "1/2-1/2"]
[WhiteCountry "CUB"]
[BlackCountry "CUB"]
[WhiteElo "2449"]
[WhiteRD "88"]
[BlackElo "2226"]
[BlackRD "86"]
[GameID "710191"]

1. b3 e5 2. Bb2 Nc6 3. e3 Nf6 4. Nf3 e4 5. Nd4 Nxd4 6. Bxd4 Be7 7. c4 O-O 8. Qc2 Re8 9. Be2 d5 10. Nc3 dxc4
11. Bxc4 Bf5 12. Rd1 Nd7 13. Ne2 Nb6 14. Ng3 Bg6 15. Be2 Nd5 16. O-O Bd6 17. Qb2 Qg5 18. Bc4 Bh5 19. Nxh5 Qxh5 20. h3 Nb4
21. a3 Nc6 22. b4 Ne5 23. Bxe5 Rxe5 24. f4 Ree8 25. Kh2 Qf5 26. d3 a5 27. bxa5 Rxa5 28. Qxb7 Qc5 29. a4 exd3 30. Bxd3 Rxa4
31. Qb5 Raa8 32. Qxc5 Bxc5 33. e4 Rad8 34. h4 Rd4 35. g3 Rb8 36. h5 g6 37. Kh3 gxh5 38. Kh4 Rb3 39. Rf3 Kg7 40. Kxh5 f6
41. Kg4 Ra3 42. Rc1 Bb6 43. Be2 Ra5 44. Rd3 Rxe4 45. Rd7+ Kf8 46. Bd3 h5+ 47. Kh4 Re7 48. Rd8+ Re8 49. Rxe8+ Kxe8 50. Bg6+ Kd7
51. Bxh5 Bd4 52. Bf7 Ra3 53. Rc2 c5 54. Kg4 Kc6 55. Bc4= Kb6 56. Ra2 Rxa2 57. Bxa2 Kb5 58. Kf3 c4= 59. g4 Kb4 60. g5 c3
61. Bb1 fxg5 62. fxg5 Ka3 63. Ke4 Bg7=
1/2-1/2